La Nueva dependencia: cambio tecnológico y reestructuración socioeconómica en América Latina/

Analiza la posición de América Latina con respecto al cambio tecnológico y su transformación en la economía internacional y los procesos políticos que apuntan a la administración de la reestructuración económica enfocando primeramente a la región en su conjunto para luego centrarse en dos países qu...

Cur síos iomlán

Sábháilte in:
Sonraí bibleagrafaíochta
Príomhchruthaitheoir: Castells, Manuel
Rannpháirtithe: Laserna, Roberto
Formáid: LEABHAR
Teanga:Spanish
Ábhair:
Clibeanna: Cuir clib leis
Níl clibeanna ann, Bí ar an gcéad duine le clib a chur leis an taifead seo!

MARC

LEADER 00000nam a22000007a 4500
003 cru CIDCACS/IIS
005 20230804062554.0
008 200417s1989 ag |||p|r|||||| ||spa|d
040 |c cru CIDCACS/IIS 
100 1 |9 9240  |a Castells, Manuel 
245 1 3 |a La Nueva dependencia: cambio tecnológico y reestructuración socioeconómica en América Latina/  |c Manuel Castells, Roberto Laserna 
500 |a NOTAS:Otra versión del documento en: Portes, A.; Douglas Kincaid, A, comps. TEORIAS DEL DESARROLLO NACIONAL, EDUCA, 1991. p. 99, n. acceso 1036.03 (MFN 948) 
520 |a Analiza la posición de América Latina con respecto al cambio tecnológico y su transformación en la economía internacional y los procesos políticos que apuntan a la administración de la reestructuración económica enfocando primeramente a la región en su conjunto para luego centrarse en dos países que representan los extremos en la escala de integración en el nuevo sistema internacional: México y Bolivia. Para lograr transformar los efectos de la nueva dependencia en una perspectiva histórica de largo alcance, se requiere de una nueva política, que sea capaz de articular procesos de reforma social y modernización tecnológica en los marcos de la democracia y la participación competitivas en la economía mundial. Se debe de dar una política atenta a las demandas y expectativas de la población y abierta a las potencialidades creativas de los movimientos sociales. Una política que permita día a día aprender a los nuevos cambios y lo suficientemente honesta para reconocer los límites. OB/JM 
650 0 |9 1692  |a CAMBIO TECNOLOGICO 
650 4 |9 1838  |a DEPENDENCIA ECONOMICA 
650 0 |9 1696  |a DEPENDENCIA TECNOLOGICA 
650 0 |9 839  |a PROBLEMAS SOCIALES 
650 0 |a MOVIMIENTOS SOCIALES  |9 3 
650 4 |9 1935  |a RECESION ECONOMICA 
650 0 |9 4406  |a ECONOMIA INTERNACIONAL 
650 0 |9 95  |a EXPORTACIONES 
650 0 |9 3193  |a INDUSTRIALIZACION 
650 0 |9 1642  |a PAISES EN DESARROLLO 
650 0 |a POLITICAS DE DESARROLLO  |9 3369 
650 4 |9 1843  |a IMPORTACIONES 
650 4 |9 1959  |a ANALISIS HISTORICO 
650 0 |9 83  |a DEMOCRACIA 
650 0 |9 70  |a FUERZAS ARMADAS 
650 4 |9 1933  |a CAMBIO SOCIAL 
700 1 |9 9241  |a Laserna, Roberto 
773 0 |0 43085  |9 4547  |a Consejo Latinoamericano de Ciencias Sociales (CLACSO)  |d Buenos Aires, Argentina: CLACSO, 1970-  |o 22456  |t David y Goliath /  |x 03250431 
942 |2 ddc  |c PP 
999 |c 43086  |d 43086